Missing Word: Best Picture Noms Quiz Stats

 Plays Quiz Updated Sep 18, 2017

Challenge
Share
Tweet
Embed
Score 0/20 Timer 02:00
3 Plays Today
Phrase Movie % Correct
Casper the Friendly _____Ghost
98.8%
Where the sun don't _____Shine
95.2%
What's _____, Doc?Up
94.6%
Got _____?Milk
87.6%
Wells _____Fargo
83%
_____ and BullwinkleRocky
82.6%
André the _____Giant
80.4%
Thou shalt not bear false _____Witness
74.6%
_____ McFlyMarty
70.8%
Air _____ controlTraffic
70.6%
Phrase Movie % Correct
Tower of _____Babel
61.4%
_____ BandicootCrash
58.5%
Bullet with Butterfly _____Wings
57.3%
_____ of lifeJaws
56.4%
_____ RomijnRebecca
52.5%
_____ CromwellOliver
46.3%
Indira ____Gandhi
40.9%
Rock Me _____Amadeus
30.8%
_____ OswaltPatton
27.3%
The _____ Manual of StyleChicago
9.1%

Today's Daily Dose

You're not logged in!

Compare scores with friends on all Sporcle quizzes.
OR
Log In

You Might Also Like...

Show Comments

Extras

Top Quizzes Today


Score Distribution

Your Account Isn't Verified!

In order to create a playlist on Sporcle, you need to verify the email address you used during registration. Go to your Sporcle Settings to finish the process.

Report this User

Report this user for behavior that violates our Community Guidelines.

Details: